| 000 | 00959nmc a2200313 a 4500 | ||
|---|---|---|---|
| 003 | AR-BaBNM | ||
| 005 | 20251128210905.0 | ||
| 008 | 151020s1998 ||||||||||||||000 | spa|| | ||
| 020 | _a950-550-238-9 | ||
| 040 | _cAR-BaBNM | ||
| 100 | 1 | _aFairman, Silvia C. de | |
| 245 | 1 | 0 |
_aTrastornos en la comunicación oral _bfonoaudiología para docentes, estudiantes y padres |
| 250 | _a3ª ed. | ||
| 260 |
_aBuenos Aires _bMagisterio del Río de la Plata _c1998 |
||
| 300 | 0 |
_a223 p. _bgráfs. |
|
| 490 | 0 | _aRespuestas educativas. Educación especial | |
| 500 | 0 | _aContiene referencias bibliográficas y apéndices | |
| 650 | 4 | _aLENGUAJE | |
| 650 | 4 | _aCOMUNICACION | |
| 650 | 4 | _aFONOLOGIA | |
| 650 | 4 | _aFORMACION DE DOCENTES | |
| 650 | 4 | _aPROGRAMAS DE SALUD | |
| 650 | 4 | _aTRASTORNOS DEL HABLA | |
| 653 | 0 | _aFONOAUDIOLOGIA | |
| 653 | 0 | _aCAPACITACION DOCENTE | |
| 800 | 1 |
_aStarico de Accomo, Mabel N. _edirector |
|
| 942 | _cBK | ||
| 998 | _cRAQUEL | ||
| 999 |
_c17319 _d17319 |
||